<?xml version="1.0" encoding="UTF-8"?>
<record
    xmlns:xsi="http://www.w3.org/2001/XMLSchema-instance"
    xsi:schemaLocation="http://www.loc.gov/MARC21/slim http://www.loc.gov/standards/marcxml/schema/MARC21slim.xsd"
    xmlns="http://www.loc.gov/MARC21/slim">

  <leader>01753nam a2200205 a 4500</leader>
  <controlfield tag="008">180523t2004    ag ||||gr|||| 000 1 spa d</controlfield>
  <datafield tag="020" ind1=" " ind2=" ">
    <subfield code="a">9506440441</subfield>
  </datafield>
  <datafield tag="041" ind1=" " ind2=" ">
    <subfield code="a">spa</subfield>
  </datafield>
  <datafield tag="092" ind1=" " ind2=" ">
    <subfield code="c">808</subfield>
    <subfield code="l">13</subfield>
    <subfield code="s">COO</subfield>
  </datafield>
  <datafield tag="100" ind1="1" ind2=" ">
    <subfield code="a">Cook, Robin</subfield>
    <subfield code="9">3090</subfield>
  </datafield>
  <datafield tag="245" ind1=" " ind2=" ">
    <subfield code="a">Convulsi&#xF3;n /</subfield>
    <subfield code="c">Robin Cook</subfield>
  </datafield>
  <datafield tag="250" ind1=" " ind2=" ">
    <subfield code="a">1a ed.</subfield>
    <subfield code="b">Traducci&#xF3;n Alberto Coscarelli</subfield>
  </datafield>
  <datafield tag="260" ind1=" " ind2=" ">
    <subfield code="a">Buenos Aires:</subfield>
    <subfield code="b">Plaza &amp; Jan&#xE9;s;</subfield>
    <subfield code="c">2004.</subfield>
  </datafield>
  <datafield tag="300" ind1=" " ind2=" ">
    <subfield code="a">480 p.</subfield>
    <subfield code="c">23x15 cm.</subfield>
  </datafield>
  <datafield tag="500" ind1=" " ind2=" ">
    <subfield code="a">Cook, R. (2004). Convulsi&#xF3;n. (1a ed.). Buenos Aires : Plaza &amp; Jan&#xE9;s.</subfield>
  </datafield>
  <datafield tag="505" ind1=" " ind2=" ">
    <subfield code="a">&#xBF;Qu&#xE9; tienen en com&#xFA;n la S&#xE1;bana Santa de Tur&#xED;n, un senador ultraconservador y un investigador cient&#xED;fico? El laboratorio del doctor Lowell se dedica a la investigaci&#xF3;n con c&#xE9;lulas madre y ha encontrado l&#xED;neas terap&#xE9;uticas prometedoras. Sin embargo su trabajo est&#xE1; amenazado por una legislaci&#xF3;n contraria a estas experimentaciones que ha presentado el senador Ashley y que dar&#xED;a al traste con los sue&#xF1;os de Lowell. Justo antes de la sesi&#xF3;n del comit&#xE9; del Senado, Ashley descubre que sufre Parkinson, una de las enfermedades que podr&#xE1;n beneficiarse del nuevo tratamiento. Entonces el senador propone a Lowell un pacto sumamente arriesgado: que el m&#xE9;dico le cure a cambio de paralizar el proyecto de ley. Adem&#xE1;s quiere que el ADN que se le implante procesa de la S&#xE1;bana Santa... Una novela que tiene en cuenta la investigaci&#xF3;n biot&#xE9;cnica m&#xE1;s actual, as&#xED; como los m&#xFA;ltiples interrogantes &#xE9;ticos que plantea. Y tambi&#xE9;n una narraci&#xF3;n apasionante y llena de sorpresas, que deja la inquietante sensaci&#xF3;n de que la misma ciencia que nos promete un futuro mejor crea a la vez un riesgo incalculable. </subfield>
  </datafield>
  <datafield tag="590" ind1=" " ind2=" ">
    <subfield code="a">Proyecto 4to Libro. Donaci&#xF3;n Lara Victoria, Mayo 2018.</subfield>
  </datafield>
  <datafield tag="655" ind1=" " ind2=" ">
    <subfield code="a">Literatura</subfield>
    <subfield code="9">2917</subfield>
  </datafield>
  <datafield tag="942" ind1=" " ind2=" ">
    <subfield code="2">ddc</subfield>
    <subfield code="c">LIT</subfield>
  </datafield>
  <datafield tag="999" ind1=" " ind2=" ">
    <subfield code="c">2791</subfield>
    <subfield code="d">2791</subfield>
  </datafield>
  <datafield tag="952" ind1=" " ind2=" ">
    <subfield code="0">0</subfield>
    <subfield code="1">0</subfield>
    <subfield code="2">ddc</subfield>
    <subfield code="4">0</subfield>
    <subfield code="7">0</subfield>
    <subfield code="8">FIC</subfield>
    <subfield code="a">BFM</subfield>
    <subfield code="b">BFM</subfield>
    <subfield code="c">CR</subfield>
    <subfield code="d">2018-05-24</subfield>
    <subfield code="e">Proyecto 4to Libro. Donaci&#xF3;n Lara Victoria, Mayo 2018.</subfield>
    <subfield code="l">4</subfield>
    <subfield code="m">2</subfield>
    <subfield code="o">808 13 COO</subfield>
    <subfield code="p">4277</subfield>
    <subfield code="r">2023-08-11</subfield>
    <subfield code="s">2023-07-04</subfield>
    <subfield code="t">Ej. 1</subfield>
    <subfield code="w">2018-05-24</subfield>
    <subfield code="y">LIT</subfield>
    <subfield code="z">Proyecto 4to Libro. Donaci&#xF3;n Lara Victoria, Mayo 2018.</subfield>
  </datafield>
</record>
